000 00601nam a2200205Ia 4500
001 15390
003 GE_BSU
008 181216s||||||||xx |||||||||||||| ||und||
040 _cGE_BSU
100 _aქუთათელი, ა.
245 _aთხზულებანი 4 ტომად. წ.1-2 პირისპირ
245 _bრომანი
260 _aთბილისი
260 _bსაბჭ. საქართველო
260 _c1967
300 _a607გვ.22სმ.
653 _aპირისპირ
653 _aრომანი.
942 _cBK
999 _c48495
_d48495